000 00514nam a2200181Ia 4500
001 3469
005 20260306145646.0
008 260306t2022||||xx |||||||||||||| ||spa||
041 _aESP
082 _a279.83
_bC24
100 _aCamus Ibacache, Misael
_eAUT
245 0 _aLa Iglesia Católica en Chile 1810-1925:
_btránsito desde una sociedad política confesional hacia otra aconfesional
260 _c2022
300 _a246 páginas :
_c23 cm.
650 _aGEN
654 _aCHU
942 _cLIB
_dJUS
_fJUS
_2ddc
_n
999 _c3469
_d3469